01006cam a22002774a 450000100090000000300040000900500170001300800410003001000170007102000180008804000180010604200090012405000210013308200190015410000200017324500400019325000120023326000370024530000240028265000320030665000380033885600990037685600800047585600920055585600810064712836711OSt20150511095412.0020628s2003 nyu c 000 1 eng  a 2002010239 a9780375822742 aDLCcDLCdDLC alcac00aPZ 7b.D927 200400aFIC bD85 20031 aDuPrau, Jeanne.14aThe city of Ember /cJeanne DuPrau. a1st ed. aNew York :bRandom House,c2003. a270 pages ;c22 cm. 1aFantasy.x Juvenile fiction 1a. Occupations xJuvenile fiction.423Contributor biographical informationuhttp://www.loc.gov/catdir/bios/random053/2002010239.html413Table of contents onlyuhttp://www.loc.gov/catdir/toc/fy044/2002010239.html423Publisher descriptionuhttp://www.loc.gov/catdir/description/random0413/2002010239.html413Sample textuhttp://www.loc.gov/catdir/enhancements/fy0612/2002010239-s.html